000 00917nam a2200301Ia 4500
003 OSt
005 20221007123731.0
006 a|||||r|||| 00| 0
007 ta
008 221006b |||||||| |||| 00| 0 eng d
020 _a0849391431 (hbd)
_c
_ 79.95
024 _a9371
037 _bEducational,
_cTextual
040 _aCDL
_cCDL
_beng
041 _2eng
_aeng
082 _aE5:21, P0
100 _aWilliams Andrew
_929940
245 0 _aConcerted organic and bio-organic mechanisms
260 _aBoca
_bRaton CRC Press
_c2000
300 _a286p
_ccm.
490 _aNew directions in organic and biological chemistry
500 _aIncludes bibliographical references; Index 277-286p
650 _a Bio-organic chemistry
_9717727
650 _a Organic chemistry
650 _aChemistry
942 _hE5:21, P0
_cTEXL
_2CC
999 _c1212410
_d1212410